La ciencia y tú. 4o. año.

Gespeichert in:
Bibliographische Detailangaben
1. Verfasser: Suárez Gómez, Calixto.
Format: Buch
Sprache:Spanisch
Erschienen: La Habana, Cuba Publicaciones Cultural, S. A. [s. a.]
Katalog:MANES:  Suchergebnis im Bibliothekskatalog
Schulbuchspezifische Eigenschaften:
Tags: Tag hinzufügen
Keine Tags, Fügen Sie den ersten Tag hinzu!
Hinzugefügt zu:12.06.2019
Geändert in:19.06.2019

MARC

LEADER 00000nam a22000007a 4500
005 20190620004820.0
008 190613b xxu||||| |||| 00| 0 spa d
040 |a centro_manes  |c universidad_colima 
100 |9 24410  |a Suárez Gómez, Calixto. 
245 |a La ciencia y tú. 4o. año. 
260 |a La Habana, Cuba  |b Publicaciones Cultural, S. A.  |c [s. a.] 
300 |a 191 p.   |c 26 cm. 
500 |a Aparece: Francisco Ziga, "Bibliografía Pedagógica. Libros de texto para enseñanza primaria: 1850-1970 VII y VIII. "Libros de Ciencias Naturales. Lecciones y Nociones de Cosas." en Boletín del Instituto de Investigaciones Bibliográficas 1981-1982, Biblioteca Nacional, Hemeroteca Nacional, Universidad Nacional Autónoma de México, Nos. 18 - 19, p. 389. Ils., de Hilario Díaz, et alius. 
690 0 |a CN 
691 0 |a PRI 
942 |2 ddc  |c BK 
999 |c 85477  |d 85477 
999 |c manes:85477  |d 85477